000 00321nam a2200133Ia 4500
008 240624s9999 xx 000 0 und d
041 _aeng
082 _a650.1 SNE
100 _aSNEAD G LYNNE
245 _aTO DO DOING DONE
260 _c1997
_aNew York
_bSimon & Schuster
300 _a255 : p. : cm. ; 21
365 _c
_b20
999 _c8116
_d8116